|
|
|
|
| LEADER |
00000nam0a2200000 4500 |
| 001 |
221583 |
| 005 |
20231101230419.0 |
| 010 |
|
|
|a 9785160062112
|
| 010 |
|
|
|a 978-985-475-527-4
|
| 035 |
|
|
|a (RuTPU)RU\TPU\book\241757
|
| 090 |
|
|
|a 221583
|
| 100 |
|
|
|a 20120912d2013 m y0rusy50 ca
|
| 101 |
0 |
|
|a rus
|
| 102 |
|
|
|a RU
|
| 105 |
|
|
|a a j 001zy
|
| 200 |
1 |
|
|a Электродинамика и распространение радиоволн
|e учебное пособие
|f А. А. Кураев, Т. Л. Попкова, А. К. Синицын
|
| 210 |
|
|
|a Москва
|c Инфра-М
|a Минск
|c Новое знание
|d 2013
|
| 215 |
|
|
|a 423 с.
|c ил.
|
| 225 |
1 |
|
|a Высшее образование. Бакалавриат
|
| 320 |
|
|
|a Библиогр.: с. 419-423.
|
| 330 |
|
|
|a Излагаются основы теории электромагнетизма. Рассматриваются процессы излучения, отражения и преломления волн, дифракция, распространение волн в волноводах, тропосфере и ионосфере, электромагнитные колебания в резонаторах, процессы в интегральных схемах СВЧ. Излагается теория возбуждения регулярных и нерегулярных волноводов и резонаторов с учетом потерь в стенках. Описываются особенности взаимодействия заряженных частиц с полями, имеющими пространственно-временную симметрию. Обсуждаются машинно-ориентированные методы оптимизации и синтеза электродинамических систем.Для студентов, магистрантов и аспирантов радиотехнических специальностей.
|
| 606 |
1 |
|
|a Электродинамика
|2 stltpush
|3 (RuTPU)RU\TPU\subj\19944
|9 45105
|
| 606 |
1 |
|
|a Радиоволны
|x Распространение
|2 stltpush
|3 (RuTPU)RU\TPU\subj\69991
|9 84585
|
| 610 |
1 |
|
|a электромагнитные поля
|
| 610 |
1 |
|
|a теория
|
| 610 |
1 |
|
|a векторы
|
| 610 |
1 |
|
|a граничные условия
|
| 610 |
1 |
|
|a энергия
|
| 610 |
1 |
|
|a комплексные амплитуды
|
| 610 |
1 |
|
|a волновые уравнения
|
| 610 |
1 |
|
|a электродинамические потенциалы
|
| 610 |
1 |
|
|a регулярные волноводы
|
| 610 |
1 |
|
|a возбуждение
|
| 610 |
1 |
|
|a нерегулярные волноводы
|
| 610 |
1 |
|
|a линии передачи
|
| 610 |
1 |
|
|a поперечные волны
|
| 610 |
1 |
|
|a планарные линии
|
| 610 |
1 |
|
|a объемные резонаторы
|
| 610 |
1 |
|
|a электромагнитные волны
|
| 610 |
1 |
|
|a дифракция
|
| 610 |
1 |
|
|a земная поверхность
|
| 610 |
1 |
|
|a тропосфера
|
| 610 |
1 |
|
|a ионосфера
|
| 610 |
1 |
|
|a учебные пособия
|
| 675 |
|
|
|a 537.8(075.8)
|v 3
|
| 675 |
|
|
|a 621.371(075.8)
|v 3
|
| 700 |
|
1 |
|a Кураев
|b А. А.
|g Александр Александрович
|
| 701 |
|
1 |
|a Попкова
|b Т. Л.
|g Татьяна Леонидовна
|
| 701 |
|
1 |
|a Синицын
|b А. К.
|g Анатолий Константинович
|
| 801 |
|
1 |
|a RU
|b 63413507
|c 20120912
|
| 801 |
|
2 |
|a RU
|b 63413507
|c 20150515
|g RCR
|
| 900 |
|
|
|a Электродинамика
|
| 942 |
|
|
|c BK
|
| 955 |
|
|
|l 8
|
| 959 |
|
|
|a 114/20120911
|d 5
|e 599,90
|f ЧЗГЛ:1
|f АНЛ:1
|f УФ:3
|